| 000 | 00000nam 2200000zi 4500 |
| 001 | 9.934667 |
| 003 | CaOODSP |
| 005 | 20250109105501 |
| 006 | m o d f |
| 007 | cr cn||||||||| |
| 008 | 240228e202312 onc o f000 0 eng d |
| 020 | |a9780660705323 |
| 040 | |aCaOODSP|beng|erda|cCaOODSP |
| 043 | |an-cn--- |
| 086 | 1 |aHP45-35/2024E-PDF |
| 245 | 00|aShip Sanitation Inspection Program : |badministrative guide. |
| 264 | 1|a[Ottawa] : |bPublic Health Agency of Canada = Agence de la santé publique du Canada, |cDecember 2023. |
| 300 | |a1 online resource (17 pages) |
| 336 | |atext|btxt|2rdacontent |
| 337 | |acomputer|bc|2rdamedia |
| 338 | |aonline resource|bcr|2rdacarrier |
| 500 | |a"International Health Regulations (2005)." |
| 520 | |a"The purpose of this document is to provide marine vessels and the shipping industry with the administrative requirements to request Ship Sanitation Inspections (SSI) and the issuance of Ship Sanitation Certificates (SSCs) within Canada, under the International Health Regulations (IHR) (2005)"--Purpose, page 2. |
| 650 | 0|aShips|xSanitation|zCanada. |
| 650 | 6|aNavires|xSalubrité|zCanada. |
| 710 | 2 |aPublic Health Agency of Canada, |eissuing body. |
| 775 | 08|tGuide administratif du programme d'inspection sanitaire de navire.|w(CaOODSP)9.934669 |
| 856 | 40|qPDF|s1.43 MB|uhttps://publications.gc.ca/collections/collection_2025/aspc-phac/HP45-35-2024-eng.pdf |